Konsignačné sklady po vstupe do Európskej únie
Pojem konsignačný sklad. Vymedzenie call-off skladu. Odlíšenie call-off skladu od konsignačného. Stav pred a po vstupe do EÚ. Použitie konsignačného skladu v inom členskom štáte.
Enregistré dans:
| Format: | Chapitre de livre |
|---|---|
| Langue: | slovaque |
| Sujets: | |
| Tags: |
Pas de tags, Soyez le premier à ajouter un tag!
|
MARC
| LEADER | 00000naa$a2200000$$$4500 | ||
|---|---|---|---|
| 001 | 0012664 | ||
| 005 | 20231109111321.3 | ||
| 041 | 0 | |a slo | |
| 044 | |a SK | ||
| 245 | 1 | 0 | |a Konsignačné sklady po vstupe do Európskej únie |
| 520 | |a Pojem konsignačný sklad. Vymedzenie call-off skladu. Odlíšenie call-off skladu od konsignačného. Stav pred a po vstupe do EÚ. Použitie konsignačného skladu v inom členskom štáte. | ||
| 610 | 2 | 0 | |a sklady konsignačné |
| 610 | 2 | 0 | |a skladovanie |
| 610 | 2 | 0 | |a Európska únia |
| 610 | 2 | 0 | |a Slovensko |
| 610 | 2 | 0 | |a aproximácia práva |
| 610 | 2 | 0 | |a smernice |
| 610 | 2 | 0 | |a sklady colné |
| 610 | 2 | 0 | |a dane z hodnoty pridanej |